| 000 | 00583nam a22002057a 4500 | ||
|---|---|---|---|
| 003 | OSt | ||
| 005 | 20140310183122.0 | ||
| 008 | 130514t xxu||||| |||| 00| 0 eng d | ||
| 020 | _a9712328090 | ||
| 050 |
_aPE 1112 _b.F363 1999 |
||
| 082 |
_aFIL 425 _bF39 1999 |
||
| 245 |
_aNew perspective in English plus _cFernando, Jovita N., Pacita I. Habana , Alicia L. Cinco |
||
| 260 |
_aManila : _bNational Bookstore, _c1999. |
||
| 300 |
_axi, 330p. : _bill. ; _c22 cm. |
||
| 521 | _aCollege | ||
| 526 | _c1210L-1700L | ||
| 541 | _j1 | ||
| 562 | _e1 | ||
| 942 |
_2lcc _cBK |
||
| 999 |
_c18951 _d18951 |
||